All WSL Teams 2025-2026 Season - Statistics

General Stats
  • This quiz has been taken 71 times
  • The average score is 11 of 12
Answer Stats
Team % Correct
Arsenal
100%
Chelsea
100%
Manchester City
100%
Manchester United
100%
West Ham United
95%
Liverpool
93%
Brighton
91%
Aston Villa
89%
London City Lionesses
89%
Everton
80%
Leicester City
78%
Tottenham Hotspurs
76%
No matching quizzes found
Score Distribution
Percent of People with Each Score
Percentile by Number Answered
Your Score History
You have not taken this quiz